|
|
|
|
| LEADER |
00000nam a2200000 a 4500 |
| 001 |
UCW5044 |
| 003 |
CL-VaPUC |
| 008 |
901114e19860000SP |||||||||||||||||spa|d |
| 082 |
0 |
4 |
|a 618.32
|b ROD
|2 21
|
| 100 |
0 |
|
|a Rodríguez Luño, Angel
|e author
|9 309859
|
| 700 |
0 |
|
|a López Mondéjar, Ramón
|e author
|9 309860
|
| 245 |
1 |
3 |
|a La fecundación in Vitro
|
| 300 |
|
|
|a 184 p
|
| 942 |
|
|
|c BK
|
| 945 |
|
|
|d 19901114 00:00:00
|
| 260 |
|
|
|a Madrid
|b Palabra
|c 1986
|
| 650 |
|
7 |
|a FECUNDACION HUMANA
|2 CL-VaPUC
|9 309861
|
| 650 |
|
0 |
|a Fecundación in vitro
|9 309862
|
| 650 |
|
0 |
|a Aspectos morales
|9 256217
|
| 583 |
|
|
|a last modification
|c 20180305 10:42:54
|k Rodrigo Vera
|
| 999 |
|
|
|c 218561
|d 218559
|
| 952 |
|
|
|0 0
|1 0
|4 0
|6 618_320000000000000_ROD_1986
|7 0
|8 P
|9 208298
|a BIBEDU
|b BIBEDU
|c BIBEDU_PB
|d 2019-11-15
|i 2762390
|o 618.32 ROD 1986
|p 2762390
|r 2024-01-25
|w 2019-11-15
|y BK
|k EDU
|